| 000 | 01040nas a2200325 4500 | ||
|---|---|---|---|
| 001 | BR2015003414 | ||
| 003 | BR-BrBNA | ||
| 005 | 20231205125428.0 | ||
| 007 | ta | ||
| 008 | 230509b bl.|||p| |||| 00| 00por d | ||
| 040 |
_aBR-BrBNA _bpor _cBiblioteca Nacional de Agricultura |
||
| 041 | _a(Pt) | ||
| 072 | _aN20 | ||
| 100 | 1 | _aSchlosser, J.F. | |
| 100 | 1 | _aDallmeyer, A. | |
| 100 | 1 | _aDebiasi, H. | |
| 100 | 1 | _aMenegas, M.T. | |
| 100 | 1 | _aNietiedt, G.H. | |
| 245 | 1 | _aAlteração do campo visual em função do uso de cabinas em tratores agrícolas | |
| 246 | 1 | _aAlteration of the visual field in function of the use of cabins in agricultural tractors | |
| 650 | _aTRATOR | ||
| 650 | _aERGONOMIA | ||
| 650 | _aVEICULO | ||
| 650 | _aMAQUINA AGRICOLA | ||
| 650 | _aVISAO | ||
| 773 | 0 |
_tEngenharia Agrícola (Brazil) _xISSN 1809-4430 _g(Mar-Apr 2011), v. 31(2) p. 359-366 _wBR2015003414 |
|
| 856 | 4 | 0 | _uhttp://www.scielo.br/pdf/eagri/v31n2/a16v31n2.pdf |
| 909 |
_a202311 _bLúcia _c55 _dLúcia Elande |
||
| 942 |
_2AGRIS _n0 _cANA |
||
| 999 |
_c244323 _d244323 |
||